000 00289nam a2200121Ia 4500
008 220216s9999 xx 000 0 und d
100 _aNair Satheesh Chandran
245 0 _aRubberinum ashupaathry
260 _bKarshakasree
_c2010
300 _a28
650 _aRubber Clinic
942 _cBS
999 _c51634
_d51634